The nutritive value of Indian foods and the planning of satisfactory diets / (Record no. 73420)
[ view plain ]
| 000 -LEADER | |
|---|---|
| fixed length control field | 00943nam a2200289 a 4500 |
| 001 - CONTROL NUMBER | |
| control field | 73420 |
| 003 - CONTROL NUMBER IDENTIFIER | |
| rucl marc code | BD-RjUL |
| 005 - DATE AND TIME OF LATEST TRANSACTION | |
| control field | 20211209082407.0 |
| 008 - FIXED-LENGTH DATA ELEMENTS--GENERAL INFORMATION | |
| fixed length control field | 170531s1941 ii a|||| b||| 00| 0 eng d |
| 035 ## - SYSTEM CONTROL NUMBER | |
| System control number | (BD-RjUL)73638 |
| 040 ## - CATALOGING SOURCE | |
| Original cataloging agency | BD-RjUL |
| Language of cataloging | eng |
| Transcribing agency | BD-RjUL |
| 041 ## - LANGUAGE CODE | |
| Language code of text/sound track or separate title | eng |
| 082 ## - DEWEY DECIMAL CLASSIFICATION NUMBER | |
| Edition number | 23 |
| Classification number | 338.1954 |
| Author mark and year | AYN 1941 |
| 100 1# - MAIN ENTRY--PERSONAL NAME | |
| Personal name | Aykroyd, W. R. |
| 9 (RLIN) | 217172 |
| 245 14 - TITLE STATEMENT | |
| Title | The nutritive value of Indian foods and the planning of satisfactory diets / |
| Statement of responsibility, etc. | W. R. Aykroyd |
| 250 ## - EDITION STATEMENT | |
| Edition statement | 3d ed. rev. and enl. |
| 260 ## - PUBLICATION, DISTRIBUTION, ETC. (IMPRINT) | |
| Place of publication, distribution, etc. | Delhi : |
| Name of publisher, distributor, etc. | Manager of publications, |
| Date of publication, distribution, etc. | 1941. |
| 300 ## - PHYSICAL DESCRIPTION | |
| Pagination | ii, 50 p. : |
| Illustrations | ill. ; |
| Size | 25 cm. |
| 490 ## - SERIES STATEMENT | |
| Series statement | Health bulletin, |
| Volume/sequential designation | no. 23. |
| 504 ## - BIBLIOGRAPHY, ETC. NOTE | |
| Bibliography, etc | Includes bibliographical footnotes. |
| 650 ## - SUBJECT ADDED ENTRY--TOPICAL TERM | |
| Topical term or geographic name as entry element | Food supply |
| Geographic subdivision | India |
| 9 (RLIN) | 217173 |
| Topical term or geographic name as entry element | Nutrition |
| Geographic subdivision | India |
| 9 (RLIN) | 217174 |
| Topical term or geographic name as entry element | Nutrition |
| General subdivision | Research |
| 9 (RLIN) | 217175 |
| 710 ## - ADDED ENTRY--CORPORATE NAME | |
| Corporate name or jurisdiction name as entry element | Nutrition Research Laboratories. |
| 9 (RLIN) | 217176 |
| 830 ## - SERIES ADDED ENTRY--UNIFORM TITLE | |
| Uniform title | Health bulletin, |
| Volume number/sequential designation | no. 23. |
| 942 ## - ADDED ENTRY ELEMENTS (KOHA) | |
| Source of classification or shelving scheme | Dewey Decimal Classification |
| Koha item type | Books |
| Lost status | Source of classification or shelving scheme | Damaged status | Not for loan | Collection code | Permanent Location | Current Location | Shelving location | Date acquired | Source of acquisition | Total Checkouts | Full call number | Date last seen | Copy number | Koha item type |
|---|---|---|---|---|---|---|---|---|---|---|---|---|---|---|
| Dewey Decimal Classification | Not For Loan | Non-fiction | Central Library, University of Rajshahi | Central Library, University of Rajshahi | Reading Room | 23/12/1943 | B. Mohon | 338.1954 AYN 1941 | 31/05/2017 | C-1 | Books |